Stakeholder theory : (رقم التسجيلة. 26245)

تفاصيل مارك
000 -الفاتح
حقل البيانات ثابتة الطول 00923cam a2200289 a 4500
001 - رقم الضبط
رقم الضبط 436975265
003 - محدد رقم الضبط
رقم الضبط OSt
005 - وقت وتاريخ اخر تعامل مع التسجيلة
رقم الضبط 20150408114102.0
008 - عناصر البيانات ثابتة الطول - معلومات عامة
حقل البيانات ثابتة الطول 090824s2010 enka b 001 0 eng
015 ## - رقم الببليوجرافية الوطنية
رقم الببليوجرافية الوطنية GBA991011
المصدر bnb
020 ## - الرقم الدولى المعيارى للكتب
الرقم الدولى المعيارى للكتاب 9780521190817 (hbk.)
020 ## - الرقم الدولى المعيارى للكتب
الرقم الدولى المعيارى للكتاب 0521190819 (hbk.)
020 ## - الرقم الدولى المعيارى للكتب
الرقم الدولى المعيارى للكتاب 9780521137935 (pbk.)
020 ## - الرقم الدولى المعيارى للكتب
الرقم الدولى المعيارى للكتاب 0521137934 (pbk.)
035 ## - رقم ضبط النظام
رقم ضبط النظام (OCoLC)436975265
040 ## - مصدر الفهرسة
وكالة الفهرسة الأصلية UKM
وكالة النسخ UKM
وكالة التعديل YDXCP
-- BWKUK
-- BWK
-- CDX
-- GEBAY
-- CIN
042 ## - رمز التحقق
رمز التحقق ukblcatcopy
050 #4 - رقم طلب مكتبة الكونجرس
رقم التصنيف HD2741
رقم المادة .S73 2010
082 04 - رقم تصنيف ديوى العشرى
رقم التصنيف 174.4
رقم الطبعة 22
245 00 - بيان العنوان
العنوان Stakeholder theory :
بقية العنوان the state of the art /
بيان المسئوليه,etc R. Edward Freeman ... [et al.]
260 ## - PUBLICATION, DISTRIBUTION, ETC. (IMPRINT)
مكان الناشر او الموزع Cambridge :
اسم الناشر او الموزع Cambridge University Press,
تاريخ النشر أو التوزيع c2010.
300 ## - الوصف المادى
التعداد xvii, 343 p. :
تفاصيل ماديه اخرى للوعاء ill. ;
أبعاد الوعاء 26 cm.
504 ## - تبصرة ببليوجرافية
تبصرة ببليوجرافية,الخ Includes bibliographical references and index.
650 #0 - المدخل الاضافى بالموضوع-مصطلح موضوعى
مصطلح موضوعي أو اسم جغرافي كعنصر مدخل Business ethics.
9 (RLIN) 17896
650 #0 - المدخل الاضافى بالموضوع-مصطلح موضوعى
مصطلح موضوعي أو اسم جغرافي كعنصر مدخل Social responsibility of business.
9 (RLIN) 17897
942 ## - عناصر المدخل الإضافي( كوها)
مصدر التصنيف او مخطط الترفيف Dewey Decimal Classification
Koha [default] item type كتاب
المقتنيات
حالة الفقد نموذج السعر الفعال حالة تلف ليس للاعارة رقم الطلب تاريخ الاكتساب الموقع الحالي الباركود الفرع الرئيسي Date last seen نوع المادة فى نظام كوها مصدر التصنيف او خطة الترفيف Total Checkouts
  2013-03-10     174.4 S T T 2012-12-01 المكتبة المركزية بالمجمعة (CL) 07000000010257 المكتبة المركزية بالمجمعة (CL) 2013-03-10 كتاب Dewey Decimal Classification  
  2013-03-10     174.4 S T T 2012-12-01 المكتبة المركزية بالمجمعة (CL) 07000000010256 المكتبة المركزية بالمجمعة (CL) 2013-03-10 كتاب Dewey Decimal Classification